| 000 | 01519nam a22002297a 4500 | ||
|---|---|---|---|
| 003 | 0 | ||
| 005 | 20250103160816.0 | ||
| 008 | 250103b xxu||||| |||| 00| 0 eng d | ||
| 020 | _a9780323776707 | ||
| 050 |
_aRJ 245 _b.H63 2024 |
||
| 100 |
_aHockenberry, Marilyn J. _eauthor. |
||
| 245 |
_aWong's nursing care of infants and children / _bMarilyn J. Hockenberry, Elizabeth A. Duffy, Karen DiValerio Gibbs. |
||
| 250 | _a12th ed. | ||
| 260 |
_aSt. Louis, Missouri : _bElsevier, _c2024. |
||
| 300 |
_axxxi, 1432 p. : _bcol. ill. ; _c28 cm. |
||
| 504 | _aIncludes bibliographical references and index. | ||
| 520 | _aProvide quality nursing care through each stage of child development! Wong's Nursing Care of Infants and Children, 12th Edition uses an easy-to-follow, family-centered approach to describe the care of children at each age and stage of development. The book begins with a discussion of the influences on and assessment of child health, then provides chapters on child health promotion and health problems -- all organized by age groups and body systems. Up-to-date, evidence-based information helps you develop critical thinking skills along with the sensitivity needed to become a compassionate, caring pediatric nurse. Written by a team of experts led by Marilyn J. Hockenberry, Wong's continues to be the leading text in pediatric nursing.--Publisher's website. | ||
| 650 |
_aPediatric nursing _vTextbooks. |
||
| 650 |
_aInfants _vCare. |
||
| 700 |
_aDuffy, Elizabeth A. _eauthor. |
||
| 942 |
_2lcc _cBK |
||
| 999 |
_c366876 _d366876 |
||